| 000 | 00348nam a2200109Ia 4500 | ||
|---|---|---|---|
| 008 | 171211s9999 xx 000 0 und d | ||
| 245 | _aRewriting Sex: Sexual Knowledge in Antebellum America: A Brief History with Documents | ||
| 245 | _cDan Anderson | ||
| 260 | _c2012 | ||
| 650 | _xSexuality | ||
| 856 | _uhttp://down.ebook777.com/059/3734520053.pdf | ||
| 999 |
_c350790 _d350790 |
||